[Event "CZE-ch U20 sf"]
[Site "Frydek Mistek"]
[Date "2014.11.16"]
[Round "1"]
[White "Bobek, Daniel"]
[Black "Kula, Dominik"]
[Result "1/2-1/2"]
[WhiteElo "1766"]
[BlackElo "2074"]
[PlyCount "83"]
[EventDate "2014.11.16"]
[EventType "swiss"]
[EventRounds "9"]
[EventCountry "CZE"]
[SourceTitle "CBM 163 Extra"]
[Source "ChessBase"]
[SourceDate "2014.12.23"]
[SourceVersion "1"]
[SourceVersionDate "2014.12.23"]
[SourceQuality "1"]

1. e4 c5 2. Nf3 d6 3. d4 cxd4 4. Nxd4 Nf6 5. Nc3 a6 6. Be2 e5 7. Nb3 Be6 8. Be3 Be7 9. 0-0 0-0 10. Qd2 b5 11. f3 Nbd7 12. a4 b4 13. Nd5 Nxd5 14. exd5 Bf5 15. a5 Nf6 16. Rac1 Qc7 17. g4 Bd7 18. g5 Nh5 19. Qxb4 f6 20. gxf6 Rxf6 21. Kh1 Nf4 22. Qd2 Qb7 23. Rfd1 Nxe2 24. Qxe2 Bb5 25. Qg2 Raf8 26. Nd2 Rg6 27. Qf2 Bd7 28. c4 Qxb2 29. Rb1 Qc2 30. Rdc1 Qf5 31. Rb7 Bg5 32. Bxg5 Rxg5 33. c5 dxc5 34. Qxc5 Bb5 35. Rg1 Be2 36. Rxg5 Qxg5 37. Qe7 Qxe7 38. Rxe7 Bxf3+ 39. Nxf3 Rxf3 40. Rxe5 Rf6 41. Re7 Rd6 42. Ra7 1/2-1/2

[Event "Kouty nad Desnou op-A"]
[Site "Kouty nad Desnou"]
[Date "2014.03.11"]
[Round "5"]
[White "Bobek, Daniel"]
[Black "Kovarik, Matyas"]
[Result "1-0"]
[WhiteElo "1707"]
[BlackElo "1584"]
[PlyCount "75"]
[EventDate "2014.03.08"]
[EventType "swiss"]
[EventRounds "9"]
[EventCountry "CZE"]
[SourceTitle "EXT 2015"]
[Source "ChessBase"]
[SourceDate "2014.11.20"]
[SourceVersion "1"]
[SourceVersionDate "2014.11.20"]
[SourceQuality "1"]

1. e4 e6 2. d4 d5 3. e5 c5 4. c3 Nc6 5. Nf3 Qb6 6. a3 c4 7. Qc2 Nge7 8. Bg5 Ng6 9. Be2 Bd7 10. Nbd2 Na5 11. 0-0 h6 12. Be3 Be7 13. h3 Qc7 14. Nh2 Rc8 15. f4 Nb3 16. Nxb3 Ba4 17. Qb1 Bxb3 18. f5 Nf8 19. Bh5 Bg5 20. Bxg5 hxg5 21. g4 exf5 22. Qxf5 g6 23. Qf6 Rg8 24. Rae1 gxh5 25. e6 Qg3+ 26. Kh1 fxe6 27. Qf7+ Kd8 28. Qxg8 Kc7 29. Qxg5 Bc2 30. Qe5+ Qxe5 31. Rxe5 Be4+ 32. Kg1 hxg4 33. Nxg4 Kd6 34. Rg5 Ng6 35. Rf7 Nh4 36. Ne5 Rc7 37. Rgg7 Rxf7 38. Rxf7 1-0

[Event "Czech Fed-ch opA"]
[Site "Hrdonov"]
[Date "2013.10.29"]
[Round "5"]
[White "Bobek, Daniel"]
[Black "Hurdzan, Tomas"]
[Result "0-1"]
[WhiteElo "1694"]
[BlackElo "1870"]
[PlyCount "84"]
[EventDate "2013.10.26"]
[EventType "swiss"]
[EventRounds "9"]
[EventCountry "CZE"]
[SourceTitle "EXT 2016"]
[Source "ChessBase"]
[SourceDate "2015.10.08"]
[SourceVersion "1"]
[SourceVersionDate "2015.10.08"]
[SourceQuality "1"]

1. e4 c5 2. Nf3 Nc6 3. d4 cxd4 4. Nxd4 g6 5. Nc3 Bg7 6. Be3 Nf6 7. f3 0-0 8. Qd2 d5 9. 0-0-0 dxe4 10. Nxe4 Qd5 11. Nc3 Qe5 12. Bc4 Na5 13. Bb3 Nxb3+ 14. Nxb3 Be6 15. Bf4 Qh5 16. h4 Bxb3 17. axb3 Qa5 18. Na4 Qa6 19. Kb1 Rac8 20. Bg5 Qc6 21. Nc3 b5 22. h5 b4 23. Na4 a5 24. g4 Qxf3 25. hxg6 fxg6 26. Qh2 Rf7 27. Nb6 Re8 28. Nd7 Qxg4 29. Bxf6 Bxf6 30. Nxf6+ exf6 31. Rdg1 Qf5 32. Rxg6+ Qxg6 33. Rg1 Rfe7 34. Rxg6+ hxg6 35. Qd6 Kg7 36. Qc5 Re5 37. Qc7+ R8e7 38. Qd6 g5 39. Qd4 Re1+ 40. Ka2 Rh1 41. Qd6 Ree1 42. Qd7+ Kh6 0-1

[Event "Teplice op 8th"]
[Site "Teplice"]
[Date "2013.06.16"]
[Round "2"]
[White "Dolezal, Radoslav1"]
[Black "Bobek, Daniel"]
[Result "1/2-1/2"]
[WhiteElo "1933"]
[BlackElo "1664"]
[PlyCount "91"]
[EventDate "2013.06.15"]
[EventType "swiss"]
[EventRounds "9"]
[EventCountry "CZE"]
[SourceTitle "CBM 155 Extra"]
[Source "ChessBase"]
[SourceDate "2013.08.26"]
[SourceVersion "1"]
[SourceVersionDate "2013.08.26"]
[SourceQuality "1"]

1. e4 c6 2. d4 d5 3. Nd2 dxe4 4. Nxe4 Bf5 5. Ng3 Bg6 6. h4 h6 7. Nf3 Nd7 8. Bd3 Bxd3 9. Qxd3 Qc7 10. Bd2 e6 11. 0-0-0 Ngf6 12. Ne4 0-0-0 13. Rhe1 Nxe4 14. Qxe4 Nf6 15. Qe2 Bd6 16. g3 Rd7 17. c4 c5 18. Ne5 Re7 19. Be3 Rd8 20. Kb1 Bxe5 21. dxe5 Rxd1+ 22. Rxd1 Ne8 23. b3 Rd7 24. Kc2 Rxd1 25. Qxd1 Qc6 26. Qg4 Kc7 27. Qf4 Qd7 28. Qe4 Qc6 29. Kd3 Qxe4+ 30. Kxe4 Kd7 31. g4 Ke7 32. h5 Kd7 33. Bd2 Ke7 34. f4 Nc7 35. g5 hxg5 36. fxg5 Kf8 37. g6 fxg6 38. hxg6 Ke7 39. a3 Kd7 40. Be3 Kc6 41. b4 cxb4 42. axb4 a6 43. Bc5 Ne8 44. Bf8 b5 45. c5 Kd7 46. Kd4 1/2-1/2

[Event "Kouty nad Desnou op-N"]
[Site "Kouty nad Desnou"]
[Date "2013.03.09"]
[Round "1"]
[White "Bobek, Daniel"]
[Black "Mika, Jiri"]
[Result "1-0"]
[WhiteElo "1767"]
[BlackElo "1376"]
[PlyCount "75"]
[EventDate "2013.03.09"]
[EventType "swiss"]
[EventRounds "9"]
[EventCountry "CZE"]
[SourceTitle "EXT 2015"]
[Source "ChessBase"]
[SourceDate "2014.11.20"]
[SourceVersion "1"]
[SourceVersionDate "2014.11.20"]
[SourceQuality "1"]

1. e4 e5 2. Nf3 Nc6 3. Bb5 a6 4. Ba4 Nf6 5. 0-0 Bc5 6. c3 0-0 7. d4 exd4 8. cxd4 Bb4 9. Bg5 h6 10. Bh4 Be7 11. Re1 d5 12. Bxf6 Bxf6 13. e5 Be7 14. a3 Bg4 15. Qd3 Na5 16. Nbd2 Nc6 17. Bc2 g6 18. Qc3 Qd7 19. h3 Bf5 20. Bxf5 Qxf5 21. Qe3 Kh7 22. Rac1 Rac8 23. Qb3 Rb8 24. Qxd5 Rfd8 25. Qc4 Kg7 26. d5 Na7 27. Qxc7 Bf8 28. Qb6 Nb5 29. a4 Rxd5 30. axb5 Rxb5 31. Qd4 Qe6 32. Ne4 Rd5 33. Qc4 b5 34. Qc6 Qe7 35. Qxd5 Rd8 36. Qc6 Rd3 37. Qf6+ Qxf6 38. exf6+ 1-0

[Event "Czech Fed-ch U16"]
[Site "Hrdonov"]
[Date "2012.10.24"]
[Round "6"]
[White "Kuchar, Tomas"]
[Black "Bobek, Daniel"]
[Result "1-0"]
[WhiteElo "1697"]
[BlackElo "1629"]
[PlyCount "100"]
[EventDate "2012.10.20"]
[EventType "swiss"]
[EventRounds "9"]
[EventCountry "CZE"]
[SourceTitle "CBM 151 Extra"]
[Source "ChessBase"]
[SourceDate "2012.12.18"]
[SourceVersion "1"]
[SourceVersionDate "2012.12.18"]
[SourceQuality "1"]

1. e4 c6 2. d4 d5 3. exd5 cxd5 4. Bd3 Nc6 5. c3 Qc7 6. Ne2 Bg4 7. f3 Bh5 8. Bf4 Qd8 9. Na3 a6 10. Bg3 e6 11. Nf4 Bg6 12. Nxg6 hxg6 13. Qe2 Bd6 14. f4 Nge7 15. Nc2 Qc7 16. Qf2 g5 17. 0-0 gxf4 18. Bxf4 Bxf4 19. Qxf4 Qxf4 20. Rxf4 0-0 21. Rh4 g6 22. Re1 Kg7 23. Ne3 Rh8 24. Rf4 b5 25. Ref1 Rhf8 26. Ng4 b4 27. Nf6 Ra7 28. g4 a5 29. g5 a4 30. R1f3 Rh8 31. cxb4 Nc8 32. a3 Nd6 33. Kg2 Ne7 34. Rf2 Rc7 35. Rc2 Rxc2+ 36. Bxc2 Nc4 37. Bxa4 Nxb2 38. Bb5 Nf5 39. Ne8+ Kf8 40. Nf6 Ke7 41. a4 Rc8 42. a5 Rb8 43. a6 Ne3+ 44. Kg1 Nbc4 45. Bc6 Rxb4 46. a7 Nb6 47. a8Q Nxa8 48. Bxa8 Rb6 49. Ng4 Nf5 50. Ne5 Rb4 1-0